000 00335nam a22001337a 4500
999 _c47292
_d47291
008 210722b ||||| |||| 00| 0 eng d
020 _a9728726430
100 _aMODEIROS, Eduardo Raosa de
245 _aEconomia para ourtas ciencias sociais
250 _a1 ed
260 _aLisboa
_bEditora ISCP
300 _a353P
942 _2udc
_cBK